000 00487nam a2200181Ia 4500
999 _c32601
_d32601
003 OSt
005 20201013102159.0
008 190216s9999||||xx |||||||||||||| ||und||
020 _a9798130001639
040 _coclc
082 _a796
_bSUK/C
100 _aSukumaran, K
_93715
245 0 _aChess Guide /
_c K Sukumaran
260 _bPoorna Publication,
_aKozhikode:
_c2005.
300 _a136p
650 _aMalayalam
942 _cBK
_2ddc
_h796
_iSUK/C
_k796
_mSUK/C